Name the artist who wrote the album #2 - Statistics

General Stats
  • This quiz has been taken 69 times
  • The average score is 7 of 16
Answer Stats
Picture Answer % Correct
Jimi Hendrix
85%
The Velvet Underground
68%
Blondie
62%
Radiohead
61%
Pink Floyd
58%
Billy Joel
56%
The Smiths
52%
The Clash
48%
The Smashing Pumpkins
45%
Frank Zappa
44%
Supertramp
35%
The Band
26%
The Cranberries
26%
Paul Simon
18%
The Troggs
17%
Violent Femmes
8%
No matching quizzes found
Score Distribution
Percent of People with Each Score
Percentile by Number Answered
Your Score History
You have not taken this quiz